Heated Rivalry Trivia (Expert Level) - Statistics

General Stats
  • This quiz has been taken 2,187 times
  • The average score is 27 of 64
Answer Stats
Questions Answer % Correct
What is Ilya's jersey number? 81
91%
What is Shane's jersey number? 24
90%
What is Hayden's wife's name? Jackie
80%
Name two of Hayden's kids. Ruby and Amber
72%
What team does Ilya play for? Boston Raiders
70%
What is Scott Hunter's jersey number? 21
67%
What city do Shane and Ilya have their first sex experience that goes "all the way"? Montreal
67%
What team does Scott Hunter play for? New York Admirals
67%
Which of Hayden's kids is the youngest? Amber
66%
What team does Shane play for? Montreal Metro's
66%
What is Ilya's room number at the first All-Stars game? (Next door to Scott Hunter) 1221
64%
What year do Shane and Ilya go to the cottage? 2017
64%
What is Shane's room number in episode 1? 1410
62%
What year did the Boston Raiders win the cup? 2014
62%
What city do the 2014 Olympics take place? Sochi
62%
What is Ilya's mother's name? Irina
61%
What is Ilya's brother's name? Alexei
60%
What are Shane's parent's names? David and Yuna
60%
Who is Shane's ex who is now engaged? Jessica
59%
What is Rose's friend's name? Miles
59%
What city is the cottage located? Ottawa
57%
What is the name of the smoothie that Kip makes for Scott? Blue Moon Over Brooklyn
54%
What is Marleau's jersey number? 7
53%
What beer do the boys drink at the Florida bar? Corona
53%
What's the name of the smoothie shop where Scott & Kip first meet? Straw + Berry
53%
What team does Russia lose to? Latvia
48%
What is Hayden's jersey number? 35
46%
What month/year do Shane and Ilya meet? December 2008
45%
What month is the first all star game? February
45%
When Shane first won the cup, how many years had it been since Montreal had previously won? 16
44%
What years do the Montreal Metro's win the cup? (2 answers) 2015 and 2016
43%
What is the name of the Buffalo player who gets traded every year? Ryan Price
43%
What is the name of the gay bar where Kip watches hockey games? The King Fisher
43%
What is the title of episode 5? I'll Believe In Anything
41%
What is the name of the moving filmed in Montreal, that Rose is starring in? X Squad
40%
What city do Shane and Ilya first meet? Saskatchewan
37%
Who is Sacha in relation to Ilya? his coach's son
36%
What does Shane's mom order for him at the restaurant in episode 1? salmon and brown rice
36%
Where did they film the ad that turned into the shower scene? Toronto
36%
What city is Hudson Williams from? Vancouver, BC
33%
What is the name of the hockey podcast that gives commentary during the show? Man in the Crease
32%
What is the name of the 3rd guy up for "Rookie of the Year"? Vincent Lemaire
32%
What is the name of Shane's friend in the figure skating competition? Joe
31%
What team does he play for? Minnesota Nomads
31%
What is the name of the composer who did the Heated Rivalry score? Peter Peter
31%
What is Ilya's father's name? Grigori
30%
What team did Ilya beat to win the cup? San Francisco Missions
29%
What city is Connor Storrie from? Odessa, TX
26%
What's the name of the club where the "club scene" takes place? Ciel
23%
What is Ilya's room number in Tampa, FL for the All Star Games? 1217
22%
What does Shane's dad do for a living? Treasury Board of Canada
22%
What award did Shane and Ilya present together at the MHL Awards? the Lord Talon Award for Most Sportsmanlike Player
21%
What month and year do Shane and Ilya meet in room 1410 for their first hookup? July 2010
20%
What team does he play for? Houston Drillers
18%
What is the name of the day time talk show commenting on Rose and Shane's relationship? E Talk
16%
What is his jersey number? 91
14%
What is Ilya's middle name? Grigoryevich
11%
What is the name of the number 3 draft pick? Korogyi
10%
Who is Svetlana's father? Sergei Vitrov
9%
What is the YouTube rabbit hole that Shane falls down? unlikely animal friendships
9%
What is the name of the bad FBI movie Rose starts in? After Dark
8%
What event do Shane and Ilya meet? Hockey Tournament
7%
What is the name of Scott's scholarship that he's fundraising for? St. Thomas Scholarships
2%
What is "I love you" in Russian? Ya tebya lybulu
2%
No matching quizzes found
Score Distribution
Percent of People with Each Score
Percentile by Number Answered
Your Score History
You have not taken this quiz